Služby podliehajúce evidencii tržieb na elektronickej registračnej pokladnici

Podrobné členenie služieb, na ktoré sa vzťahuje povinnosť evidencie tržieb na elektronickej registračnej pokladnici.

Salvato in:
Dettagli Bibliografici
Natura: Capitolo di libro
Lingua:slovacco
Soggetti:
Tags: Aggiungi Tag
Nessun Tag, puoi essere il primo ad aggiungerne!!

MARC

LEADER 00000naa a2200000 4500
001 r033778
005 20230926073040.4
041 0 |a slo 
044 |a SK 
245 1 0 |a Služby podliehajúce evidencii tržieb na elektronickej registračnej pokladnici 
520 |a Podrobné členenie služieb, na ktoré sa vzťahuje povinnosť evidencie tržieb na elektronickej registračnej pokladnici. 
610 2 0 |a pokladnice kontrolné 
610 2 0 |a tržby 
610 2 0 |a evidencia 
610 2 0 |a služby